Progress: at whose cost? : (Record no. 155420)
[ view plain ]
| 000 -LEADER | |
|---|---|
| fixed length control field | 00900nam a22002417a 4500 |
| 005 - DATE AND TIME OF LATEST TRANSACTION | |
| control field | 20180806120003.0 |
| 010 ## - LCCN (DPL NO) | |
| LC control number | ENG-123814 |
| 020 ## - INTERNATIONAL STANDARD BOOK NUMBER | |
| International Standard Book Number | 9788192234953 |
| Terms of availability | 300.00 |
| 035 ## - SYSTEM CONTROL NUMBER | |
| System control number | EN-107346 |
| 037 ## - SOURCE OF ACQUISITION | |
| Source of stock number/acquisition | DBAD/PUB |
| 082 ## - DEWEY DECIMAL CLASSIFICATION NUMBER | |
| Classification number | 307.2095452 |
| 100 ## - MAIN ENTRY--PERSONAL NAME | |
| Personal name | Fernandes, Walter |
| 245 ## - TITLE STATEMENT | |
| Title | Progress: at whose cost? : |
| Statement of responsibility, etc | by Walter Fernandes; Shanti Chetri; Satyen Lama [and] Sherry Joseph |
| Remainder of title | developmet-induced displacement in west bengal 1947-2000 / |
| 260 ## - PUBLICATION, DISTRIBUTION, ETC. (IMPRINT) | |
| Place of publication, distribution, etc | Guwahati (Assam) |
| Name of publisher, distributor, etc | North Eastern Social Research Centre |
| Date of publication, distribution, etc | 2012 |
| 270 ## - ADDRESS | |
| Address | 110 Kharghuli Road, 1st Floor, Guwahati, |
| City | Guwahati (Assam) |
| Postal code | 781004 |
| 300 ## - PHYSICAL DESCRIPTION | |
| Extent | 593p. |
| Dimensions | 22cm.(pbk) |
| 490 ## - SERIES STATEMENT | |
| Series statement | NESRC Displacement Studies Series No. 2 |
| 500 ## - GENERAL NOTE | |
| General note | It includes References, Appendix and Index |
| 700 ## - ADDED ENTRY--PERSONAL NAME | |
| Personal name | Chetri, Shanti |
| 700 ## - ADDED ENTRY--PERSONAL NAME | |
| Personal name | Lama, Satyen |
| 700 ## - ADDED ENTRY--PERSONAL NAME | |
| Personal name | Joseph, Sherry |
| 942 ## - ADDED ENTRY ELEMENTS (KOHA) | |
| Source of classification or shelving scheme | Dewey Decimal Classification |
| Item type | English Books |
| Classification part | 307.2095452 |
| Call number suffix | FER |
| Withdrawn status | Lost status | Not for loan | Collection code | Home library | Current library | Date acquired | Source of acquisition | Cost, normal purchase price | Full call number | Barcode | Copy number | Cost, replacement price | Koha item type |
|---|---|---|---|---|---|---|---|---|---|---|---|---|---|
| Non-fiction | Shahdara Branch | Shahdara Branch | 03/08/2018 | DBAD/PUB | 300.00 | 307.2095452 FER | EN-107346 | 1 | 300.00 | English Books |
